<?xml version="1.0" encoding="UTF-8"?>
<record
    xmlns:xsi="http://www.w3.org/2001/XMLSchema-instance"
    xsi:schemaLocation="http://www.loc.gov/MARC21/slim http://www.loc.gov/standards/marcxml/schema/MARC21slim.xsd"
    xmlns="http://www.loc.gov/MARC21/slim">

  <leader>00781nam a2200181Ia 4500</leader>
  <controlfield tag="001">5649</controlfield>
  <controlfield tag="003">GE_BSU</controlfield>
  <controlfield tag="008">181216s||||||||xx |||||||||||||| ||und||</controlfield>
  <datafield tag="040" ind1=" " ind2=" ">
    <subfield code="c">GE_BSU</subfield>
  </datafield>
  <datafield tag="080" ind1=" " ind2=" ">
    <subfield code="a">504.5(479.22)</subfield>
  </datafield>
  <datafield tag="245" ind1=" " ind2=" ">
    <subfield code="a">&#x10E5;&#x10E3;&#x10D7;&#x10D0;&#x10D8;&#x10E1;&#x10D8;&#x10E1; &#x10D2;&#x10D0;&#x10E0;&#x10D4;&#x10DB;&#x10DD;&#x10E1; &#x10D2;&#x10D0;&#x10DB;&#x10D0;&#x10D1;&#x10D8;&#x10DC;&#x10EB;&#x10E3;&#x10E0;&#x10D4;&#x10D1;&#x10D4;&#x10DA; &#x10D0;&#x10D2;&#x10D4;&#x10DC;&#x10E2;&#x10D7;&#x10D0; &#x10DB;&#x10DD;&#x10E1;&#x10D0;&#x10EE;&#x10DA;&#x10D4;&#x10DD;&#x10D1;&#x10D8;&#x10E1; &#x10EF;&#x10D0;&#x10DC;&#x10DB;&#x10E0;&#x10D7;&#x10D4;&#x10DA;&#x10DD;&#x10D1;&#x10D0;&#x10D6;&#x10D4;</subfield>
  </datafield>
  <datafield tag="260" ind1=" " ind2=" ">
    <subfield code="a">&#x10E5;&#x10E3;&#x10D7;&#x10D0;&#x10D8;&#x10E1;&#x10D8;</subfield>
  </datafield>
  <datafield tag="260" ind1=" " ind2=" ">
    <subfield code="b">&#x10DE;&#x10D4;&#x10D3;.&#x10D8;&#x10DC;-&#x10D7;&#x10D8;&#x10E8; "&#x10DA;&#x10D0;&#x10DB;&#x10DE;&#x10D0;&#x10E0;&#x10D8;</subfield>
  </datafield>
  <datafield tag="260" ind1=" " ind2=" ">
    <subfield code="c">2009</subfield>
  </datafield>
  <datafield tag="300" ind1=" " ind2=" ">
    <subfield code="a">112&#x10D2;&#x10D5;.20&#x10E1;&#x10DB;.</subfield>
  </datafield>
  <datafield tag="653" ind1=" " ind2=" ">
    <subfield code="a">&#x10E5;&#x10E3;&#x10D7;&#x10D0;&#x10D8;&#x10E1;&#x10D8;&#x10E1; &#x10D2;&#x10D0;&#x10E0;&#x10D4;&#x10DB;&#x10DD;&#x10E1; &#x10D2;&#x10D0;&#x10DB;&#x10D0;&#x10D1;&#x10D8;&#x10DC;&#x10EB;&#x10E3;&#x10E0;&#x10D4;&#x10D1;&#x10D4;&#x10DA; &#x10D0;&#x10D2;&#x10D4;&#x10DC;&#x10E2;&#x10D7;&#x10D0; &#x10DB;&#x10DD;&#x10E1;&#x10D0;&#x10EE;&#x10DA;&#x10D4;&#x10DD;&#x10D1;&#x10D8;&#x10E1; &#x10EF;&#x10D0;&#x10DC;&#x10DB;&#x10E0;&#x10D7;&#x10D4;&#x10DA;&#x10DD;&#x10D1;&#x10D0;&#x10D6;&#x10D4;</subfield>
  </datafield>
  <datafield tag="942" ind1=" " ind2=" ">
    <subfield code="c">BK</subfield>
  </datafield>
  <datafield tag="999" ind1=" " ind2=" ">
    <subfield code="c">39083</subfield>
    <subfield code="d">39083</subfield>
  </datafield>
</record>
